Ritual
Uloženo v:
| Hlavní autor: | |
|---|---|
| Médium: | Kniha |
| Jazyk: | španělština |
| Vydáno: |
Barcelona
Tusquets
1973
|
| Edice: | Cuadernos Infimos.
44 |
| Témata: | |
| Tagy: |
Přidat tag
Žádné tagy, Buďte první, kdo vytvoří štítek k tomuto záznamu!
|
MARC
| LEADER | 00000nam a2200000 a 4500 | ||
|---|---|---|---|
| 001 | UCT6488 | ||
| 003 | CL-VaPUC | ||
| 005 | 20210611001438.0 | ||
| 008 | 970113e19730000SP |||||||||||||||||spa|d | ||
| 999 | |c 255186 |d 255184 | ||
| 040 | |c Pontificia Universidad Católica de Valparaíso | ||
| 082 | 0 | 4 | |a Ar863 BIA 1973 |2 21 |
| 100 | 0 | |a Bianciotti, Héctor |9 376689 | |
| 245 | 1 | 0 | |a Ritual |
| 260 | |a Barcelona |b Tusquets |c 1973 | ||
| 300 | |a 216 páginas | ||
| 490 | 0 | |a Cuadernos Infimos. |v 44 | |
| 583 | |a last modification |c 19970113 00:00:00 |k Rodrigo Vera | ||
| 650 | 0 | |a Novelas argentinas |9 267871 | |
| 650 | 0 | |a Literatura argentina |9 320596 | |
| 942 | |c BK |2 ddc | ||
| 945 | |d 19970113 00:00:00 |a nastorga | ||
| 952 | |0 0 |1 0 |2 ddc |4 0 |6 AR_863_000000000000000_BIA_1973 |7 0 |8 A |9 277313 |a BIBEDU |b BIBEDU |d 2019-11-19 |i 3266583 |o Ar863 BIA 1973 |p 3266583 |r 2019-11-19 |t 1 |w 2019-11-19 |y BK |k LIT | ||